Baden-Powell, fondateur du scoutisme - Statistiques

Statistiques générales
  • Ce quiz a été pris 55 fois
    54 depuis la dernière actualisation
  • Le résultat moyen est 9 sur 16
Statistiques - réponses
Question Réponse % Correct
Quelle est la nationalité de Baden-Powell ? Anglais
88%
Comment se nomme la branche du scoutisme adapté au 8-12 ans, inspiré de l'Univers du Livre de la Jungle de Rudyard Kipling ? la branche des louveteaux/Cubs
82%
Au cours dequel évenement Baden-Powell fut déclaré "Chef mondial du Scoutisme" ? lors du premier Jamboree mondial en 1920
78%
Quelle branche du scoutisme fut instituée officiellement en 1910 par Baden-Powell ? le scoutisme pour les filles
73%
Quel est le titre du livre de Baden-Powell en 1908 sur les fondement du scoutisme, de la méthode scoute à la suite de son premier camp expérimental ?
69%
Qui dirigea cette toute nouvelle branche du scoutisme ? Agnès Baden-Powell
67%
Quel est le nom complet de Baden-Pawell ? Robert Stephenson Smyth Baden-Powell of Gilwell
67%
Où eu lieu le premier camp expérimental scout en 1907 ? Sur l'ile de Brownsea
67%
Quelle est le nom de l'épouse de Baden-Powell ? Olave Saint-Clair Soames
59%
Quelle tradition scoute est inspirée de la rencontres de Baden-Powell avec le chef zoulou Dinizulu pendant sa carrière militaire ? les bûchettes
55%
Pendant quelle guerre coloniale Baden-Powell s'est illustré en défendant pendant 217 jours la ville de Mafeking avec 1 500 hommes assiégée une armée ennemie de 8 000 hommes ? la seconde guerre des Boers
53%
Dans quel pays Baden-Powell se retire et décéde ? au Kenya
49%
Quelle est la date de naissance de Baden-Powell ? le 22 février 1857
47%
Quel est le signe de piste présent sur le tombeau de Baden-Powell et son épouse ?
37%
Dans quel collège de Londres, réputé pour sa discipline, Baden-Powell fit sa scolarité ? Charterhouse School
22%
Comment s'appellent les enfants de Baden-Powell ? Peter, Heather et Betty
20%
Aucun quiz correspondant
Distribution des résultats
% des personnes avec chaque résultat
Percentile par nombre de réponses
Votre historique - résultats
Vous n’avez pas pris ce quiz depuis la dernière actualisation